000 nam a22 a 4500
999 _c1377
_d1377
005 20170515162224.0
008 170509s2012 my ||||| |||| 00| 0 eng d
040 _aAKMAL
082 _a336.27109595 JKDM
090 _a336.27109595
_bJKDM
110 1 _aMalaysia
_9400
245 0 0 _aAkta Eksais 1976:perintah duti eksais 2012 [ P.U.(A) 350/2012] & perintah duti eksais (kenderaan bermotor) (bayaran) 2012 [P.U. (A) 351/2012] =
_bExcise Act 1976 : excise duties order 2012 [P.U.(A) 350/2012] & excise duties ( motor vehicles) (payment) order 2012 [P.U. (A) 351/2012].
260 _aKuala Lumpur :
_bPercetakan Nasional Berhad,
_c2012.
300 _a27ms. ;
_c24cm
500 _aParallel text in Bahasa Malaysia and English
650 1 _aExcise tax
_xLaw and legislation
_zMalaysia
_9623
650 2 _aInternal revenue law
_zMalaysia
_9624
710 1 _aMalaysia
_bJabatan Kastam Diraja Malaysia
_91301
942 _2ddc
_cBOOK
950 _lAKMAL